Maternidad adolescente en barrios pobres de Montevideo (Registro nro. 33356)
[ vista simple ]
| 000 -LEADER | |
|---|---|
| fixed length control field | 00449 a2200145 4500 |
| 001 - CONTROL NUMBER | |
| control field | ART_41850 |
| 005 - DATE AND TIME OF LATEST TRANSACTION | |
| control field | 20260410162024.0 |
| 008 - FIXED-LENGTH DATA ELEMENTS--GENERAL INFORMATION | |
| fixed length control field | 260409a |
| 100 1# - MAIN ENTRY--PERSONAL NAME | |
| Personal name | Rosa, Cecilia de |
| 245 10 - TITLE STATEMENT | |
| Title | Maternidad adolescente en barrios pobres de Montevideo |
| 700 1# - ADDED ENTRY--PERSONAL NAME | |
| Personal name | Doyenart, María José |
| 700 1# - ADDED ENTRY--PERSONAL NAME | |
| Personal name | Lara, Cecilia |
| 700 1# - ADDED ENTRY--PERSONAL NAME | |
| Personal name | Varela, Carmen |
| 773 0# - HOST ITEM ENTRY | |
| Title | Notas de población |
| Related parts | - Año XLIII, Nº 103 (jul./dic. 2016) |
| Record control number | REV41841 |
No hay ítems disponibles.